[Event "PARDUBICE OPEN  2007 "]
[Site "CEZ arena,  Pardubice  (CZE)"]
[Date "2007.07.23"]
[Round "4"]
[White "Pokazanjev, Nikolai"]
[Black "Krejci, Jan"]
[Result "0-1"]
[WhiteElo "2443"]
[BlackElo "2315"]
[PlyCount "110"]
[EventDate "2007.07.20"]

1. e4 e5 2. Nf3 Nc6 3. Bb5 a6 4. Ba4 Nf6 5. O-O Be7 6. Re1 b5 7. Bb3 O-O 8. h3
d6 9. c3 Na5 10. Bc2 c5 11. d4 Qc7 12. Nbd2 cxd4 13. cxd4 Nc6 14. Nb3 a5 15.
Be3 a4 16. Nbd2 Bd7 17. Rc1 Qb7 18. d5 Nb4 19. Bb1 Rfc8 20. Nf1 Bd8 21. g4 Bb6
22. Ng3 Bxe3 23. Rxe3 Rxc1 24. Qxc1 Rc8 25. Qd2 Na6 26. Nh4 Qc7 27. Re1 Ne8 28.
Nhf5 Bxf5 29. exf5 f6 30. Bd3 Qb6 31. Qe2 Rc5 32. Ne4 Rxd5 33. Nc3 Rd4 34. Nxb5
Rf4 35. Qe3 Nc5 36. Rd1 Qc6 37. Nc3 Nc7 38. Bf1 h6 39. a3 Kh7 40. Bg2 Qb6 41.
Ne4 Qxb2 42. Nxc5 dxc5 43. Rd7 Qb6 44. Be4 Nb5 45. Rb7 Qa5 46. Bd5 Rd4 47. Bf7
Rd8 48. Kh2 Nd4 49. h4 Qa6 50. Bg6+ Kh8 51. Rf7 Qf1 52. g5 Ne2 53. gxh6 Qg1+
54. Kh3 Nf4+ 55. Qxf4 exf4 0-1

[Event "PARDUBICE OPEN  2007 "]
[Site "CEZ arena,  Pardubice  (CZE)"]
[Date "2007.07.23"]
[Round "4"]
[White "Haznedaroglu, Kivanc"]
[Black "Bucinskas, Valdas"]
[Result "1/2-1/2"]
[WhiteElo "2440"]
[BlackElo "2311"]
[PlyCount "85"]
[EventDate "2007.07.20"]

1. e4 c5 2. Nf3 e6 3. d4 cxd4 4. Nxd4 a6 5. Bd3 b5 6. a4 b4 7. O-O Qb6 8. Nf3
Nf6 9. Bg5 Bb7 10. Nbd2 d5 11. Qe2 dxe4 12. Nxe4 Nbd7 13. Nxf6+ Nxf6 14. Bxf6
gxf6 15. Be4 Bc5 16. Nd2 Rd8 17. Bxb7 Qxb7 18. Ne4 Be7 19. Qf3 Kf8 20. Qf4 Rg8
21. g3 Kg7 22. Rad1 Rd5 23. c4 bxc3 24. Rxd5 Qxd5 25. Nxc3 Qb7 26. Qg4+ Kh8 27.
Qh5 Rg6 28. Qe2 f5 29. Rd1 Kg7 30. Rd4 Bf6 31. Rd6 Rg4 32. Rxa6 Rb4 33. Nd1 Re4
34. Ne3 Bxb2 35. Qb5 Qxb5 36. axb5 Rb4 37. Rb6 Bd4 38. Rb7 Rb2 39. Nc4 Rxf2 40.
Rd7 Bc5 41. Rc7 Bd4 42. Rd7 Bc5 43. Rc7 1/2-1/2

[Event "PARDUBICE OPEN  2007 "]
[Site "CEZ arena,  Pardubice  (CZE)"]
[Date "2007.07.23"]
[Round "4"]
[White "Swicarz, Maciej"]
[Black "Swinkels, Robin"]
[Result "0-1"]
[WhiteElo "2316"]
[BlackElo "2440"]
[PlyCount "68"]
[EventDate "2007.07.20"]

1. f4 Nf6 2. Nf3 d5 3. g3 g6 4. Bg2 Bg7 5. O-O O-O 6. d3 b6 7. Qe1 Bb7 8. e4
dxe4 9. Ng5 Na6 10. Nxe4 Nxe4 11. Bxe4 Bxe4 12. Qxe4 Nc5 13. Qf3 Na4 14. c3 Qd7
15. d4 Rad8 16. Na3 c5 17. dxc5 Nxc5 18. Nc4 Nd3 19. Ne3 Qb5 20. Qe2 Rd7 21.
Nd1 Rfd8 22. Nf2 e6 23. Ne4 Qc6 24. Qg2 Qc4 25. a3 h6 26. g4 f5 27. gxf5 exf5
28. Ng3 Qc5+ 29. Kh1 Re7 30. Rb1 Ne1 31. Qf2 Qc6+ 32. Kg1 Rd1 33. Bd2 Rxb1 34.
Bxe1 Qe6 0-1

[Event "PARDUBICE OPEN  2007 "]
[Site "CEZ arena,  Pardubice  (CZE)"]
[Date "2007.07.23"]
[Round "4"]
[White "Ramesa, Davor"]
[Black "Neuman, Petr"]
[Result "1/2-1/2"]
[WhiteElo "2310"]
[BlackElo "2437"]
[PlyCount "102"]
[EventDate "2007.07.20"]

1. Nf3 Nf6 2. c4 g6 3. Nc3 Bg7 4. e4 d6 5. d4 O-O 6. Be2 e5 7. O-O Na6 8. Re1
c6 9. Bf1 Bg4 10. d5 Nb4 11. Be2 a5 12. Bg5 h6 13. Be3 Bd7 14. Nd2 c5 15. a3
Na6 16. f4 exf4 17. Bxf4 Ne8 18. Nf3 Bg4 19. Qd2 Kh7 20. h3 Bxf3 21. Bxf3 Nb8
22. Nb5 Ra6 23. e5 dxe5 24. Bxe5 Bxe5 25. Rxe5 Nd6 26. Nxd6 Rxd6 27. Rae1 Nc6
28. R5e4 Nd4 29. Rxd4 cxd4 30. Qxd4 Qf6 31. Qxf6 Rxf6 32. c5 a4 33. Re7 Rc8 34.
d6 Rxc5 35. d7 Rd6 36. Rxf7+ Kg8 37. Re7 Rf5 38. Bxb7 Rf7 39. Re8+ Kg7 40. Bc6
Rfxd7 41. Bxd7 Rxd7 42. Re4 Rd2 43. Rxa4 Rxb2 44. Ra6 g5 45. a4 Ra2 46. Ra7+
Kg6 47. Ra8 Ra1+ 48. Kh2 h5 49. a5 h4 50. a6 Kg7 51. a7 Kh7 1/2-1/2

[Event "PARDUBICE OPEN  2007 "]
[Site "CEZ arena,  Pardubice  (CZE)"]
[Date "2007.07.23"]
[Round "4"]
[White "Poliakov, Alexander"]
[Black "Morawietz, Dieter"]
[Result "1/2-1/2"]
[WhiteElo "2308"]
[BlackElo "2425"]
[PlyCount "82"]
[EventDate "2007.07.20"]

1. d4 Nf6 2. Nf3 e6 3. Bg5 h6 4. Bh4 b6 5. Nbd2 Bb7 6. c3 d6 7. Qc2 g5 8. Bg3
Nh5 9. e4 Nd7 10. O-O-O Bg7 11. Kb1 Qe7 12. Bd3 O-O-O 13. Qa4 Kb8 14. Ba6 Ba8
15. Ne1 Nxg3 16. hxg3 e5 17. Nd3 exd4 18. cxd4 c5 19. dxc5 Nxc5 20. Nxc5 dxc5
21. f3 h5 22. Qb3 Rd4 23. Nc4 Qe6 24. Rxd4 Bxd4 25. Qc2 Bc6 26. Na3 Qe5 27. Bc4
g4 28. Nb5 gxf3 29. gxf3 Qxg3 30. Nxd4 cxd4 31. Qh2 Qxh2 32. Rxh2 f6 33. Kc2 h4
34. Kd3 Kc7 35. Kxd4 Kd6 36. Ke3 Bd7 37. a3 Kc5 38. Bf1 a5 39. Rc2+ Kd6 40.
Rd2+ Ke7 41. Rh2 Kd6 1/2-1/2

[Event "PARDUBICE OPEN  2007 "]
[Site "CEZ arena,  Pardubice  (CZE)"]
[Date "2007.07.23"]
[Round "4"]
[White "Dolezal, Radoslav"]
[Black "Kopylov, Alexander"]
[Result "1-0"]
[WhiteElo "2418"]
[BlackElo "2305"]
[PlyCount "81"]
[EventDate "2007.07.20"]

1. d4 d6 2. Nf3 Nf6 3. c4 Nbd7 4. Nc3 e5 5. e4 c6 6. Be2 g6 7. O-O Bg7 8. dxe5
dxe5 9. Qd6 Qe7 10. Qxe7+ Kxe7 11. b3 Nh5 12. g3 Bf6 13. Rd1 Ng7 14. Be3 Ne6
15. Na4 b6 16. Rac1 Ndc5 17. Bxc5+ bxc5 18. Rd3 Bg7 19. Re1 Rd8 20. Rxd8 Kxd8
21. Kg2 Ke7 22. h4 Bf6 23. h5 Kd6 24. Rh1 Rb8 25. hxg6 hxg6 26. Nh2 Nd4 27. Bg4
Bb7 28. Nf3 Rf8 29. Ne1 Be7 30. Nd3 f5 31. Naxc5 Bc8 32. Bd1 Ne6 33. Nxe6 Kxe6
34. Re1 Kf6 35. exf5 Bxf5 36. Nxe5 Bb4 37. Re2 Rd8 38. Nxc6 Rxd1 39. Nxb4 a5
40. Nd5+ Kg5 41. Ne3 1-0

[Event "PARDUBICE OPEN  2007 "]
[Site "CEZ arena,  Pardubice  (CZE)"]
[Date "2007.07.23"]
[Round "4"]
[White "Ostrovskiy, Andrey"]
[Black "Schuh, Dirk"]
[Result "1-0"]
[WhiteElo "2417"]
[BlackElo "2275"]
[PlyCount "125"]
[EventDate "2007.07.20"]

1. e4 e6 2. d4 d5 3. Nc3 Nf6 4. e5 Nfd7 5. f4 c5 6. Nf3 a6 7. Be3 Qb6 8. a3 Nc6
9. Na4 Qa5+ 10. Nc3 Qb6 11. Na4 Qa5+ 12. Bd2 Qc7 13. dxc5 Nxc5 14. Nxc5 Bxc5
15. Bd3 b5 16. Qe2 b4 17. axb4 Nxb4 18. Bb5+ Ke7 19. Ba4 a5 20. Be3 Ba6 21.
Bxc5+ Qxc5 22. Qf2 Rhc8 23. Nd4 Kf8 24. h4 Qb6 25. Rd1 Rab8 26. Rd2 Rc4 27. Rh3
Nd3+ 28. Rdxd3 Rxa4 29. Rb3 Rb4 30. Rhc3 Bb5 31. Rxb4 axb4 32. Rf3 Bd7 33. Kd2
Ra8 34. Nb3 Qxf2+ 35. Rxf2 Ke7 36. Rf1 f6 37. Nd4 Rf8 38. Rf3 Ba4 39. g3 h6 40.
exf6+ Kxf6 41. Re3 Re8 42. Re5 Bd7 43. g4 g5 44. hxg5+ hxg5 45. Rxg5 e5 46.
Rxe5 Rxe5 47. fxe5+ Kxe5 48. Ke3 Bxg4 49. Nc6+ Kd6 50. Nxb4 Kc5 51. Nd3+ Kd6
52. Kd4 Bf3 53. Nf4 Bd1 54. c3 Bb3 55. Nd3 Bd1 56. b4 Ba4 57. Ne5 Bb5 58. Ng4
Ba4 59. Ne3 Bb3 60. b5 Ba4 61. Nf5+ Ke6 62. Kc5 Kd7 63. Nd4 1-0

[Event "PARDUBICE OPEN  2007 "]
[Site "CEZ arena,  Pardubice  (CZE)"]
[Date "2007.07.23"]
[Round "4"]
[White "Tuma, Jiri"]
[Black "Chudinovskikh, Alexsander"]
[Result "0-1"]
[WhiteElo "2292"]
[BlackElo "2417"]
[PlyCount "120"]
[EventDate "2007.07.20"]

1. e4 e5 2. Nf3 Nc6 3. d4 exd4 4. Nxd4 Nf6 5. Nxc6 bxc6 6. e5 Qe7 7. Qe2 Nd5 8.
c4 Nb6 9. g3 g6 10. Bg2 Bg7 11. O-O O-O 12. Re1 Re8 13. Bf4 Ba6 14. Nd2 d5 15.
b3 g5 16. Be3 Bxe5 17. Rad1 f6 18. Qg4 Bc8 19. Qh5 Qf7 20. Qxf7+ Kxf7 21. cxd5
Nxd5 22. Nc4 Bc3 23. Bd2 Bg4 24. Rc1 Bxd2 25. Nxd2 Rxe1+ 26. Rxe1 Rd8 27. Nc4
Nb4 28. Ne3 Be6 29. Rc1 Rd6 30. a3 Nd3 31. Rc3 Ne5 32. b4 Ke7 33. Be4 h5 34. f4
gxf4 35. gxf4 Rd4 36. fxe5 Rxe4 37. exf6+ Kxf6 38. Kf2 Bd7 39. Ng2 Rd4 40. Rc5
Rd2+ 41. Kg1 Rd5 42. Rxd5 cxd5 43. Nf4 Ke5 44. Nxh5 Kd4 45. Kf2 Kc3 46. Nf4 d4
47. Ne2+ Kc4 48. Nc1 Bg4 49. Kg3 Bd1 50. Kf4 Bc2 51. h4 Kc3 52. Ke5 d3 53. Nxd3
Bxd3 54. Kd5 Kb3 55. h5 Kxa3 56. Kc5 Ka4 57. h6 a6 58. Kd4 Bh7 59. Kc4 Bg8+ 60.
Kc5 c6 0-1

[Event "PARDUBICE OPEN  2007 "]
[Site "CEZ arena,  Pardubice  (CZE)"]
[Date "2007.07.23"]
[Round "4"]
[White "Vanek, Tomas"]
[Black "Gorovykh, Eduard"]
[Result "1-0"]
[WhiteElo "2271"]
[BlackElo "2409"]
[PlyCount "58"]
[EventDate "2007.07.20"]

1. f4 d6 2. Nf3 g6 3. g3 Bg7 4. Bg2 c5 5. O-O Nc6 6. d3 Bd7 7. c4 Qc8 8. e4 Nh6
9. Nc3 Bh3 10. f5 Bxg2 11. Kxg2 Qd7 12. Nd5 O-O-O 13. f6 exf6 14. b4 f5 15.
bxc5 dxc5 16. Bf4 b6 17. Rb1 Qb7 18. Qa4 fxe4 19. dxe4 Rhe8 20. Rxb6 axb6 21.
Qb5 Ne5 22. Nxb6+ Kc7 23. Rb1 Qc6 24. Qa5 Kd6 25. Nd5 Rb8 26. Rxb8 Rxb8 27. Ng1
Qb7 28. Nf3 Ke6 29. Ng5+ Kd6 1-0

[Event "PARDUBICE OPEN  2007 "]
[Site "CEZ arena,  Pardubice  (CZE)"]
[Date "2007.07.23"]
[Round "4"]
[White "Hladik, Josef"]
[Black "Stopa, Jacek"]
[Result "0-1"]
[WhiteElo "2216"]
[BlackElo "2400"]
[PlyCount "90"]
[EventDate "2007.07.20"]

1. d4 g6 2. g3 Bg7 3. Bg2 d6 4. e4 c5 5. Ne2 cxd4 6. Nxd4 Nc6 7. Ne2 Nf6 8. O-O
O-O 9. Nbc3 Nd7 10. Nd5 Nc5 11. Nef4 Bd7 12. Rb1 Rc8 13. c4 Ne5 14. b3 b5 15.
cxb5 Bxb5 16. Re1 Ncd3 17. Nxd3 Nxd3 18. Re3 e6 19. Nf4 Nxc1 20. Rxc1 Rxc1 21.
Qxc1 Bd4 22. Re1 Qb6 23. Qc2 Ba6 24. Rd1 Rc8 25. Qd2 Bc5 26. Nh3 Kg7 27. Rc1 e5
28. Rc2 Bb4 29. Qc1 Rxc2 30. Qxc2 Qd4 31. Qc1 h6 32. Kh1 Bd2 33. Qg1 Qb2 34.
Bf1 Qxa2 35. Bxa6 Qxa6 36. Qb1 Qe2 37. Qa2 Qxe4+ 38. Kg1 Qe1+ 39. Kg2 a5 40.
Ng1 Bb4 41. Nf3 Qe4 42. Qa1 g5 43. h3 f5 44. Qc1 g4 45. Qc7+ Kg6 0-1

[Event "PARDUBICE OPEN  2007 "]
[Site "CEZ arena,  Pardubice  (CZE)"]
[Date "2007.07.23"]
[Round "4"]
[White "Schneider, David"]
[Black "Jirka, Jiri"]
[Result "0-1"]
[WhiteElo "2199"]
[BlackElo "2398"]
[PlyCount "66"]
[EventDate "2007.07.20"]

1. e4 e5 2. Nf3 Nc6 3. Bb5 Nd4 4. Nxd4 exd4 5. Bc4 Nf6 6. e5 d5 7. Be2 Nd7 8.
f4 Bc5 9. d3 Qh4+ 10. g3 Qe7 11. Bf3 c6 12. O-O O-O 13. Re1 Re8 14. Re2 Nf8 15.
Nd2 Bh3 16. Nb3 Bb6 17. Bd2 f6 18. exf6 Qxf6 19. Qe1 Bd7 20. a4 Ne6 21. a5 Bc7
22. Qf2 Rf8 23. Bb4 Bxf4 24. Rxe6 Qxe6 25. gxf4 Rxf4 26. Nxd4 Qf7 27. Bc5 Re8
28. Kh1 Bg4 29. Rf1 b6 30. axb6 axb6 31. Bxb6 Rf8 32. Kg2 Qg6 33. Bxd5+ Be6+
0-1

[Event "PARDUBICE OPEN  2007 "]
[Site "CEZ arena,  Pardubice  (CZE)"]
[Date "2007.07.23"]
[Round "4"]
[White "Tate, Alan"]
[Black "Mamedjarova, Zeinab"]
[Result "0-1"]
[WhiteElo "2053"]
[BlackElo "2384"]
[PlyCount "78"]
[EventDate "2007.07.20"]

1. e4 e5 2. Nf3 d6 3. d4 exd4 4. Nxd4 Nf6 5. Nc3 Be7 6. Be2 O-O 7. O-O Re8 8.
Re1 Nc6 9. Bf1 h6 10. Nde2 Bf8 11. f3 Ne5 12. b3 d5 13. Nxd5 Nxd5 14. Qxd5 Bd6
15. Bf4 Qf6 16. Bg3 Be6 17. Qd4 h5 18. f4 Qe7 19. Kh1 Ng4 20. h3 h4 21. hxg4
hxg3 22. g5 f6 23. gxf6 gxf6 24. Ng1 Bxf4 25. Qd1 Be5 26. Rb1 Kg7 27. Nh3 Rh8
28. Qf3 Rh4 29. Rbd1 Bg4 30. Qd3 Bxd1 31. Rxd1 Bd6 32. Qb5 Rxe4 33. Qxb7 Rh8
34. Qb5 Rhh4 35. Rd3 Qe8 36. Qd5 Qe5 37. Qb7 Rxh3+ 38. gxh3 g2+ 39. Kxg2 Qh2+
0-1

[Event "PARDUBICE OPEN  2007 "]
[Site "CEZ arena,  Pardubice  (CZE)"]
[Date "2007.07.23"]
[Round "4"]
[White "Pribyl, Josef"]
[Black "Gromova, Julia"]
[Result "1-0"]
[WhiteElo "2383"]
[BlackElo "2201"]
[PlyCount "55"]
[EventDate "2007.07.20"]

1. d4 Nf6 2. Nf3 g6 3. Nc3 d5 4. Bf4 Bg7 5. e3 O-O 6. Be2 c6 7. Ne5 Nfd7 8. Qd2
Nxe5 9. Bxe5 f6 10. Bg3 e5 11. h4 e4 12. h5 g5 13. h6 Bh8 14. f3 f5 15. fxe4
fxe4 16. Nxe4 dxe4 17. Bc4+ Rf7 18. Rf1 Bf6 19. Be5 Nd7 20. Qf2 Kf8 21. Qg3 g4
22. O-O-O b5 23. Bxf7 Kxf7 24. Rxf6+ Nxf6 25. Rf1 Be6 26. Qf4 Rc8 27. Bxf6 Qd5
28. Bd8+ 1-0

[Event "PARDUBICE OPEN  2007 "]
[Site "CEZ arena,  Pardubice  (CZE)"]
[Date "2007.07.23"]
[Round "4"]
[White "Mamedov, Rauf"]
[Black "Mickevicius, Juras"]
[Result "1/2-1/2"]
[WhiteElo "2591"]
[BlackElo "2309"]
[PlyCount "100"]
[EventDate "2007.07.20"]

1. e4 c6 2. d4 d5 3. Nd2 dxe4 4. Nxe4 Bf5 5. Ng3 Bg6 6. h4 h6 7. f4 e6 8. Nf3
Nf6 9. Ne5 Bh7 10. Bc4 Bd6 11. Qe2 O-O 12. c3 Nbd7 13. Be3 Qc7 14. O-O Nb6 15.
Bb3 c5 16. Rae1 Nbd5 17. Qf3 Rad8 18. Bf2 cxd4 19. cxd4 Bb4 20. Re2 Ne7 21. h5
Nc6 22. Rd1 Na5 23. Ba4 a6 24. f5 b5 25. Bc2 Bd6 26. Ng4 Nd5 27. Be4 Bf4 28.
Bd3 Nc4 29. b3 Nd6 30. fxe6 Bxd3 31. Qxd3 fxe6 32. Rxe6 Bg5 33. Re5 Nf4 34. Qb1
Qd7 35. Nh2 Qf7 36. Rf1 Nxh5 37. Be3 Bxe3+ 38. Rxe3 Qd5 39. Nxh5 Qxh5 40. Nf3
Qg4 41. Qd3 Rde8 42. Re5 Nf7 43. Rxe8 Rxe8 44. a4 Qe4 45. Qxe4 Rxe4 46. Rd1 g5
47. Kf2 Kf8 48. Rd3 Ke7 49. Nd2 Rf4+ 50. Ke2 Nd6 1/2-1/2

[Event "PARDUBICE OPEN  2007 "]
[Site "CEZ arena,  Pardubice  (CZE)"]
[Date "2007.07.23"]
[Round "4"]
[White "Rukavina, Dario"]
[Black "Novikov, Stanislav"]
[Result "0-1"]
[WhiteElo "2300"]
[BlackElo "2562"]
[PlyCount "121"]
[EventDate "2007.07.20"]

1. d4 d6 2. Nf3 g6 3. g3 Bg7 4. Bg2 Nf6 5. O-O O-O 6. c4 c6 7. Nc3 Qb6 8. Qc2
Nbd7 9. e4 a5 10. h3 Qa6 11. e5 Ne8 12. Re1 dxe5 13. dxe5 Nc7 14. b3 Nc5 15.
Ba3 Bf5 16. Qe2 Nd3 17. Red1 Nb4 18. Nd4 Rad8 19. g4 Bc8 20. Bb2 Qa7 21. a3
Nba6 22. Na4 Nc5 23. Nxc5 Qxc5 24. Nc2 Ne6 25. b4 Qb6 26. Qe4 Rxd1+ 27. Rxd1
Rd8 28. Rxd8+ Qxd8 29. Nd4 axb4 30. axb4 Qb6 31. Nxe6 Bxe6 32. b5 Bh6 33. Bd4
Qd8 34. bxc6 bxc6 35. Be3 Qd1+ 36. Kh2 Bg7 37. Qd4 Qxd4 38. Bxd4 c5 39. Bxc5
Bxe5+ 40. Kg1 Bd6 41. Bxd6 exd6 42. Bd5 Bxd5 43. cxd5 Kf8 44. Kf1 Ke7 45. Ke2
Kd7 46. g5 Kc7 47. Kd3 Kb6 48. Kc4 Ka5 49. f3 Ka4 50. h4 Ka5 51. f4 Ka4 52. Kc3
Kb5 53. Kd4 Kb4 54. Kd3 Kc5 55. Ke4 Kc4 56. f5 Kc5 57. fxg6 fxg6 58. h5 Kc4 59.
hxg6 hxg6 60. Ke3 Kxd5 61. Kf4 0-1

[Event "PARDUBICE OPEN  2007 "]
[Site "CEZ arena,  Pardubice  (CZE)"]
[Date "2007.07.23"]
[Round "4"]
[White "Zakhartsov, Viacheslav"]
[Black "Golichenko, Illya"]
[Result "1-0"]
[WhiteElo "2559"]
[BlackElo "2306"]
[PlyCount "109"]
[EventDate "2007.07.20"]

1. d4 Nf6 2. c4 e6 3. Nf3 b6 4. a3 Bb7 5. Nc3 d5 6. cxd5 exd5 7. Bg5 Be7 8.
Qa4+ c6 9. e3 O-O 10. Bd3 Nbd7 11. Qc2 Re8 12. O-O h6 13. Bf4 Nh5 14. Be5 Nhf6
15. Rad1 b5 16. e4 dxe4 17. Nxe4 Nxe4 18. Bxe4 Qb6 19. Bh7+ Kh8 20. Bf5 Nf6 21.
Qb3 Kg8 22. Bg6 Nd5 23. Bb1 Rad8 24. h4 h5 25. Ng5 c5 26. Qf3 Nf6 27. Qf4 cxd4
28. Bc7 Qc5 29. Bxd8 Rxd8 30. Ba2 Rf8 31. Rc1 Qb6 32. Qc7 Bd8 33. Bxf7+ Kh8 34.
Qf4 Ng4 35. Rfe1 Bf6 36. Bxh5 Nh6 37. Ne6 Rg8 38. Bg6 Bd5 39. Nc5 Bxh4 40. Bd3
Qd8 41. Re5 Rf8 42. Bf5 Bg5 43. Qxd4 Nxf5 44. Qd3 Bxc1 45. Rxd5 Qc8 46. Nd7 Re8
47. Qxf5 Bh6 48. Rxb5 Rd8 49. Rd5 Qc1+ 50. Kh2 Qxb2 51. a4 Qb7 52. Nf6 Qc7+ 53.
g3 gxf6 54. Qxf6+ Kh7 55. Rxd8 1-0

[Event "PARDUBICE OPEN  2007 "]
[Site "CEZ arena,  Pardubice  (CZE)"]
[Date "2007.07.23"]
[Round "4"]
[White "Mista, Aleksander"]
[Black "Lerch, Patrice"]
[Result "1-0"]
[WhiteElo "2553"]
[BlackElo "2301"]
[PlyCount "97"]
[EventDate "2007.07.20"]

1. e4 c5 2. Nf3 Nc6 3. d4 cxd4 4. Nxd4 g6 5. Nc3 Bg7 6. Be3 Nf6 7. Bc4 Qa5 8.
O-O O-O 9. Bb3 d6 10. h3 Bd7 11. Re1 Rac8 12. Qe2 Rfe8 13. Rad1 a6 14. f4 e5
15. Nxc6 Bxc6 16. fxe5 Qxe5 17. Qf2 Kh8 18. Bd4 Qe7 19. e5 dxe5 20. Bc5 Qc7 21.
Bd6 Qd7 22. Bxe5 Qf5 23. Qxf5 gxf5 24. Bxf7 Re7 25. Bb3 Rce8 26. Bg3 Ne4 27.
Nxe4 fxe4 28. Bd6 Rd7 29. c3 a5 30. Bc5 Rxd1 31. Rxd1 Bf6 32. Bf7 Ra8 33. Bb6
a4 34. a3 Kg7 35. Bd5 Re8 36. Kf2 e3+ 37. Bxe3 Bh4+ 38. Kf3 Rd8 39. c4 Bf6 40.
Bd4 b5 41. Bxf6+ Kxf6 42. Ke4 Be8 43. Rf1+ Ke7 44. c5 b4 45. Ke5 bxa3 46. bxa3
Rb8 47. c6 Rb2 48. Rc1 Re2+ 49. Kf4 1-0

[Event "PARDUBICE OPEN  2007 "]
[Site "CEZ arena,  Pardubice  (CZE)"]
[Date "2007.07.23"]
[Round "4"]
[White "Jakubiec, Artur"]
[Black "Pitschka, Claus"]
[Result "1-0"]
[WhiteElo "2541"]
[BlackElo "2305"]
[PlyCount "45"]
[EventDate "2007.07.20"]

1. e4 Nf6 2. e5 Nd5 3. d4 d6 4. Nf3 dxe5 5. Nxe5 Nd7 6. Nxf7 Kxf7 7. Qh5+ Ke6
8. g3 b5 9. a4 c6 10. Bh3+ Kd6 11. axb5 e6 12. c4 N5f6 13. Qe2 Nb8 14. b6 Qd7
15. O-O a6 16. Re1 Ke7 17. Nc3 Kf7 18. d5 cxd5 19. cxd5 Qe7 20. Bg5 h6 21.
dxe6+ Kg8 22. Bxf6 gxf6 23. Nd5 1-0

[Event "PARDUBICE OPEN  2007 "]
[Site "CEZ arena,  Pardubice  (CZE)"]
[Date "2007.07.23"]
[Round "4"]
[White "Pakhomov, Alexey"]
[Black "Karasik, Evgeny"]
[Result "1-0"]
[WhiteElo "2473"]
[BlackElo "2286"]
[PlyCount "63"]
[EventDate "2007.07.20"]

1. e4 c5 2. Nc3 Nc6 3. g3 g6 4. Bg2 Rb8 5. d3 b5 6. Be3 Qa5 7. Qd2 Bg7 8. Nh3
b4 9. Nd1 Nf6 10. O-O Ng4 11. Bf4 d6 12. f3 Nf6 13. Bh6 Bxh6 14. Qxh6 c4 15.
dxc4 Qc5+ 16. Kh1 Qxc4 17. Ne3 Qd4 18. Nd5 Nxd5 19. exd5 Ne5 20. c3 bxc3 21.
bxc3 Qd3 22. Qg7 Rf8 23. Ng5 Rb2 24. Nxh7 Qc2 25. Qxf8+ Kd7 26. Rg1 Bb7 27. c4
Qxc4 28. Rac1 Qxd5 29. Qb8 Ke6 30. Bh3+ f5 31. Ng5+ Kf6 32. Qh8+ 1-0

[Event "PARDUBICE OPEN  2007 "]
[Site "CEZ arena,  Pardubice  (CZE)"]
[Date "2007.07.23"]
[Round "4"]
[White "Majer-Jun., Jiri"]
[Black "Adla, Diego"]
[Result "0-1"]
[WhiteElo "2284"]
[BlackElo "2472"]
[PlyCount "62"]
[EventDate "2007.07.20"]

1. e4 c5 2. c3 Nf6 3. e5 Nd5 4. d4 cxd4 5. Nf3 e6 6. cxd4 d6 7. Nc3 Nxc3 8.
bxc3 Qc7 9. Bd2 Bd7 10. Bd3 Bc6 11. O-O Nd7 12. exd6 Bxd6 13. Re1 O-O 14. Ne5
Nxe5 15. dxe5 Bc5 16. Qc2 h6 17. Rad1 Rfd8 18. Bf4 Qa5 19. h4 Ba4 20. Qe2 Bxd1
21. Rxd1 Qxc3 22. Qe4 f5 23. exf6 Qxf6 24. Be5 Qxf2+ 25. Kh2 Qf5 26. Qe2 Rxd3
27. Rxd3 Rf8 28. Rf3 Qb1 29. Bxg7 Rxf3 30. gxf3 Qg1+ 31. Kh3 Qxg7 0-1

[Event "PARDUBICE OPEN  2007 "]
[Site "CEZ arena,  Pardubice  (CZE)"]
[Date "2007.07.23"]
[Round "4"]
[White "Boros, Denes"]
[Black "Van, Der Burght Remko"]
[Result "1-0"]
[WhiteElo "2460"]
[BlackElo "2284"]
[PlyCount "41"]
[EventDate "2007.07.20"]

1. e4 e5 2. Nf3 Nc6 3. Bb5 a6 4. Ba4 Nf6 5. O-O Be7 6. Re1 b5 7. Bb3 d6 8. c3
O-O 9. a3 Na5 10. Ba2 c5 11. d3 Qc7 12. Nbd2 Rd8 13. Nf1 Bb7 14. b4 Nc6 15. Ne3
Rd7 16. Nd5 Nxd5 17. exd5 Nd8 18. c4 Bf6 19. bxc5 Qxc5 20. d4 Qc7 21. c5 1-0

[Event "PARDUBICE OPEN  2007 "]
[Site "CEZ arena,  Pardubice  (CZE)"]
[Date "2007.07.23"]
[Round "4"]
[White "Toma, Katarzyna"]
[Black "Maksimov, Yuri"]
[Result "1-0"]
[WhiteElo "2275"]
[BlackElo "2436"]
[PlyCount "63"]
[EventDate "2007.07.20"]

1. e4 d6 2. d4 Nf6 3. Nc3 g6 4. Bc4 Bg7 5. Qe2 Nc6 6. e5 Nxd4 7. exf6 Nxe2 8.
fxg7 Rg8 9. Ngxe2 c6 10. Bh6 d5 11. O-O-O Bd7 12. Bb3 e6 13. h4 f6 14. g4 Qe7
15. f4 O-O-O 16. Ng3 Qc5 17. f5 Qf2 18. Nge4 Qg2 19. Nxf6 exf5 20. Nxg8 Rxg8
21. Nxd5 Rxg7 22. Bxg7 cxd5 23. Bxd5 Qxg4 24. Bxb7+ Kxb7 25. Rxd7+ Kc6 26. Rhd1
Qxh4 27. R1d6+ Kb5 28. b3 f4 29. a4+ Kb4 30. Kb2 Qh2 31. Bc3+ Kc5 32. Bd4+ 1-0

[Event "PARDUBICE OPEN  2007 "]
[Site "CEZ arena,  Pardubice  (CZE)"]
[Date "2007.07.23"]
[Round "4"]
[White "Shtyrenkov, Veniamin"]
[Black "Grandelius, Nils"]
[Result "1/2-1/2"]
[WhiteElo "2435"]
[BlackElo "2271"]
[PlyCount "64"]
[EventDate "2007.07.20"]

1. d4 Nf6 2. c4 g6 3. Nc3 d5 4. Bf4 Bg7 5. e3 c5 6. dxc5 Qa5 7. Rc1 dxc4 8.
Bxc4 O-O 9. Nf3 Qxc5 10. Bb3 Nc6 11. O-O Qa5 12. Qe2 Bf5 13. h3 Ne4 14. Nd5 e5
15. Rxc6 bxc6 16. Ne7+ Kh8 17. Nxc6 Qb6 18. Ncxe5 Be6 19. Bxe6 Qxe6 20. Qc2 f5
21. Nc4 Rac8 22. b3 Rfd8 23. Rc1 Kg8 24. Re1 Qd5 25. Qc1 Nc5 26. Qa3 Nd3 27.
Rd1 Qc5 28. Qa6 Nxf4 29. Rxd8+ Rxd8 30. exf4 Qe7 31. Nce5 Bxe5 32. Nxe5 Kg7
1/2-1/2

[Event "PARDUBICE OPEN  2007 "]
[Site "CEZ arena,  Pardubice  (CZE)"]
[Date "2007.07.23"]
[Round "4"]
[White "Vavra, Pavel"]
[Black "Schneider, Ilja"]
[Result "0-1"]
[WhiteElo "2268"]
[BlackElo "2435"]
[PlyCount "70"]
[EventDate "2007.07.20"]

1. e4 c5 2. Nf3 Nf6 3. e5 Nd5 4. c3 d6 5. Bb5+ Bd7 6. Bxd7+ Qxd7 7. O-O Nc6 8.
d4 cxd4 9. cxd4 e6 10. Qe2 Be7 11. Rd1 O-O 12. Bg5 Bxg5 13. Nxg5 dxe5 14. dxe5
Qd8 15. Nh3 Qc7 16. f4 Qb6+ 17. Qf2 Qxf2+ 18. Kxf2 f6 19. exf6 Rxf6 20. Nc3
Nxf4 21. Nxf4 Rxf4+ 22. Kg3 Raf8 23. Re1 R4f6 24. h4 Rg6+ 25. Kh3 Rf2 26. g3
Rxb2 27. Rad1 e5 28. Rd7 Rf6 29. Ne4 Rf7 30. Red1 h6 31. a3 Nd4 32. Rd8+ Kh7
33. Rc1 Re2 34. Rcc8 Rxe4 35. h5 g5 0-1

[Event "PARDUBICE OPEN  2007 "]
[Site "CEZ arena,  Pardubice  (CZE)"]
[Date "2007.07.23"]
[Round "4"]
[White "Zhuravleva, Olga"]
[Black "Ivanov, Alexey"]
[Result "0-1"]
[WhiteElo "2257"]
[BlackElo "2421"]
[PlyCount "66"]
[EventDate "2007.07.20"]

1. e4 c5 2. Nf3 Nc6 3. Nc3 d6 4. d4 cxd4 5. Nxd4 Nf6 6. Nb3 e6 7. Bd3 Be7 8.
O-O a6 9. f4 b5 10. a3 Bb7 11. Kh1 h5 12. Be3 h4 13. Rf3 h3 14. gxh3 d5 15. e5
Nd7 16. Nd4 Bc5 17. Nce2 Qh4 18. Qg1 Bxd4 19. Nxd4 g5 20. Raf1 O-O-O 21. Bf2
Qh5 22. Be2 gxf4 23. Rc3 Qxe5 24. Nxc6 Bxc6 25. Bd4 Qxe2 26. Re1 Qc4 27. Qf2 e5
28. Rxc4 dxc4+ 29. Kg1 exd4 30. Qxf4 Rxh3 31. Qxf7 Rhh8 32. Re6 Bd5 33. Qe7
Rhg8+ 0-1

[Event "PARDUBICE OPEN  2007 "]
[Site "CEZ arena,  Pardubice  (CZE)"]
[Date "2007.07.23"]
[Round "4"]
[White "Akesson, Ralf"]
[Black "Priborsky, Ivo"]
[Result "1-0"]
[WhiteElo "2477"]
[BlackElo "2339"]
[PlyCount "51"]
[EventDate "2007.07.20"]

1. Nf3 Nf6 2. c4 e6 3. Nc3 Bb4 4. g3 b6 5. Bg2 Bb7 6. d3 O-O 7. O-O d5 8. cxd5
Nxd5 9. Nxd5 Bxd5 10. e4 Bb7 11. Qe2 Nc6 12. d4 Nxd4 13. Nxd4 Qxd4 14. Rd1 Qe5
15. Bf4 Qa5 16. a3 Bd6 17. e5 Bxg2 18. Kxg2 Be7 19. Rd7 Rfe8 20. Rad1 c6 21.
Qf3 Qb5 22. Bg5 Kf8 23. Qh5 h6 24. Bxh6 f6 25. Qg6 gxh6 26. Qxh6+ 1-0